แสดงรายละเอียดบรรณานุกรม
  กลับหน้าหลัก

Brief Record : Get Marc (ISO 2709) : E-mail record : QR code ปิดหน้าต่าง
หนังสืออ้างอิง E-books : เกี่ยวกับ Collections
LEADER 00000nam 2200000uu 4500
001    213094
003     ULIBM
008    020711s2561 th a 000 0 tha d
041    ^atha
060  4 อ W84.3 ก482 2561
110    การประชุมวิชาการและมหกรรมการแสดงผลงาน 100 ปี การสาธารณสุขไทยฯ (สถาบันพระบรมราชชนก : 2561)
245    สูจิบัตร การประชุมวิชาการและมหกรรมการแสดงผลงาน 100 ปี การสาธารณสุขไทย (พ.ศ.2461-พ.ศ.2561) "เพื่อประชาชนสุขภาพดี 100 ปี แห่งการพัฒนา" ณ อาคารชาเลนเจอร์ เมืองทอง จังหวัดนนทบุรี วันที่ 18 - 21 กรกฎาคม 2561/^cจัดทำโดย สถาบันพระบรมราชชนก สำนักงานปลัดกระทรวงสาธารณสุข
260    นนทบุรี :^bสถาบันพระบรมราชชนก สำนักงานปลัดกระทรวงสาธารณสุข,^c2561
300    144 หน้า :^bภาพประกอบ ;^c21 ซม.
650  4 สาธารณสุข^xการประชุม
650  4 ^aนวัตกรรมทางการแพทย์^xวิจัย
650  4 ^aสาธารณสุข^xวิจัย
710 2  ^aสำนักงานปลัดกระทรวงสาธารณสุข. สถาบันพระบรมราชชนก
999    ^aใช้งานได้ทุกระบบ
รายการนี้ยังไม่มีแท็ก
คุณยังไม่ได้ล็อกอิน คุณสามารถมีกิจกรรมร่วมกับเว็บไซต์ได้ แต่ต้องล็อกอินก่อน ::
  ล็อกอิน
ลำดับที่ ประเภท เลขเรียก สถานที่ สถานะ
1. หนังสืออ้างอิง
หนังสืออ้างอิง
อ W84.3 ก482 2561 ฉ.1 
  
ชั้นหนังสืออ้างอิง On Shelf
   [แสดง 1/1 รายการ]

รายการใกล้เคียง
    หัวเรื่อง [สาธารณสุข การประชุม]
    หัวเรื่อง [สาธารณสุข วิจัย]

BibComment


ยังไม่เคยถูกคอมเมนท์

คอมเมนท์ทรัพยากรรายการนี้
  คอมเมนท์: สูจิบัตร การประชุ..
Bib 213094

 
 
 

 Union Library Management : ULibM
Copyright 2026. All Rights Reserved.
скачать бесплатно без регистрации порно красивый секс HD Sex Hindi sex

xxx gou

xxxx

bfxxx

xxxwww

Секса Видео

xxxx

Секса Видео

detube

geilexxx

C99 Shell

worms shell

blod xxx video
Ebony Coed Rihanna Rimes Takes A Dick In Her Young Twat priyaa indian fuck anal and pusssy hardcore indian women xxx desi hardcore fucking part 1 bengalixxxcouple